000
00219 a2200097 4500
001
30881
100
_a
Abdul Hassan Nadvi
245
_a
Karwan-i-Madina
260
_a
Karachi
_b
Nashriat-e-Islam
_c
090
_c
20776
_d
20776
942
_a
NUST-CAE
_c
M
_c
11976
999
_c
265954
_d
265954